[Event "RSA-chT U10"]
[Site "Cape Town"]
[Date "2016.01.06"]
[Round "5.3"]
[White "Korb, Andre"]
[Black "Strydom, Alex"]
[Result "1-0"]
[WhiteElo "852"]
[BlackElo "710"]
[PlyCount "24"]
[EventDate "2016.01.04"]
[EventType "team-tourn"]
[EventRounds "7"]
[EventCountry "RSA"]
[SourceTitle "CBM 170 Extra"]
[Source "ChessBase"]
[SourceDate "2016.02.25"]
[SourceVersion "1"]
[SourceVersionDate "2016.02.25"]
[SourceQuality "1"]
[WhiteTeam "Kenneth Kaunda"]
[BlackTeam "Ekurhuleni"]
[WhiteTeamCountry "RSA"]
[BlackTeamCountry "RSA"]

1. e4 e5 2. Nf3 Bd6 3. Bc4 Nh6 4. d4 Qf6 5. Bg5 Qg6 6. Nc3 Ng4 7. h3 f6 8. hxg4 fxg5 9. dxe5 Bxe5 10. Nxe5 Rf8 11. Nxg6 hxg6 12. Qd5 Nc6 1-0